<?xml version="1.0" encoding="UTF-8"?>
<record
    xmlns:xsi="http://www.w3.org/2001/XMLSchema-instance"
    xsi:schemaLocation="http://www.loc.gov/MARC21/slim http://www.loc.gov/standards/marcxml/schema/MARC21slim.xsd"
    xmlns="http://www.loc.gov/MARC21/slim">

  <leader>00684nam a22001577a 4500</leader>
  <controlfield tag="003">OSt</controlfield>
  <controlfield tag="005">20151209101637.0</controlfield>
  <controlfield tag="008">151209b        xxu||||| |||| 00| 0 eng d</controlfield>
  <datafield tag="040" ind1=" " ind2=" ">
    <subfield code="c">RUA</subfield>
  </datafield>
  <datafield tag="082" ind1=" " ind2=" ">
    <subfield code="a">ATM CHE 2006 B194 Or.1</subfield>
  </datafield>
  <datafield tag="100" ind1=" " ind2=" ">
    <subfield code="9">4574</subfield>
    <subfield code="a">CHES SOPHY; &#x1787;&#x17C1;&#x179F; &#x179F;&#x17BB;&#x1797;&#x17B8;</subfield>
  </datafield>
  <datafield tag="245" ind1=" " ind2=" ">
    <subfield code="a">The study on influence of water usage for biogas production from cow and pig manure, &#x1780;&#x17B6;&#x179A;&#x179F;&#x17B7;&#x1780;&#x17D2;&#x179F;&#x17B6;&#x1796;&#x17B8;&#x17A5;&#x1791;&#x17D2;&#x1792;&#x17B7;&#x1796;&#x179B;&#x1793;&#x17C3;&#x1780;&#x17B6;&#x179A;&#x1794;&#x17D2;&#x179A;&#x17BE;&#x1794;&#x17D2;&#x179A;&#x17B6;&#x179F;&#x17CB;&#x1791;&#x17B9;&#x1780;&#x179F;&#x17C6;&#x179A;&#x17B6;&#x1794;&#x17CB;&#x1787;&#x17B8;&#x17A7;&#x179F;&#x17D2;&#x1798;&#x17D0;&#x1793;&#x1796;&#x17B8;&#x179B;&#x17B6;&#x1798;&#x1780;&#x179F;&#x178F;&#x17D2;&#x179C;&#x1782;&#x17C4; &#x1793;&#x17B7;&#x1784;&#x1787;&#x17D2;&#x179A;&#x17BC;&#x1780;.</subfield>
  </datafield>
  <datafield tag="260" ind1=" " ind2=" ">
    <subfield code="a">Phnom Penh </subfield>
    <subfield code="b">RUA </subfield>
    <subfield code="c">2006</subfield>
  </datafield>
  <datafield tag="300" ind1=" " ind2=" ">
    <subfield code="a">xv; 56p.</subfield>
    <subfield code="b">ill.</subfield>
    <subfield code="c">29cm.</subfield>
  </datafield>
  <datafield tag="942" ind1=" " ind2=" ">
    <subfield code="2">ddc</subfield>
    <subfield code="c">ATM</subfield>
  </datafield>
  <datafield tag="999" ind1=" " ind2=" ">
    <subfield code="c">4263</subfield>
    <subfield code="d">4263</subfield>
  </datafield>
  <datafield tag="952" ind1=" " ind2=" ">
    <subfield code="0">0</subfield>
    <subfield code="1">0</subfield>
    <subfield code="2">ddc</subfield>
    <subfield code="4">0</subfield>
    <subfield code="6">ATM_CHE_2006_000000000000000_B194_OR_1</subfield>
    <subfield code="7">0</subfield>
    <subfield code="9">21543</subfield>
    <subfield code="a">LBB</subfield>
    <subfield code="b">LBB</subfield>
    <subfield code="c">B194</subfield>
    <subfield code="d">2015-12-09</subfield>
    <subfield code="l">1</subfield>
    <subfield code="o">ATM CHE 2006 B194 Or.1</subfield>
    <subfield code="p">RUA41091</subfield>
    <subfield code="r">2019-11-01</subfield>
    <subfield code="s">2019-10-18</subfield>
    <subfield code="w">2015-12-09</subfield>
    <subfield code="y">ATM</subfield>
  </datafield>
  <datafield tag="952" ind1=" " ind2=" ">
    <subfield code="0">0</subfield>
    <subfield code="1">0</subfield>
    <subfield code="2">ddc</subfield>
    <subfield code="4">0</subfield>
    <subfield code="6">ATM_CHE_2006_000000000000000_B194_OR_2</subfield>
    <subfield code="7">0</subfield>
    <subfield code="9">21544</subfield>
    <subfield code="a">LBB</subfield>
    <subfield code="b">LBB</subfield>
    <subfield code="c">B194</subfield>
    <subfield code="d">2015-12-09</subfield>
    <subfield code="l">1</subfield>
    <subfield code="o">ATM CHE 2006 B194 Or.2</subfield>
    <subfield code="p">RUA41031</subfield>
    <subfield code="r">2020-10-16</subfield>
    <subfield code="s">2020-09-08</subfield>
    <subfield code="w">2015-12-09</subfield>
    <subfield code="y">ATM</subfield>
  </datafield>
  <datafield tag="952" ind1=" " ind2=" ">
    <subfield code="0">0</subfield>
    <subfield code="1">0</subfield>
    <subfield code="2">ddc</subfield>
    <subfield code="4">0</subfield>
    <subfield code="6">ATM_CHE_2006_000000000000000_B194_OR_3</subfield>
    <subfield code="7">0</subfield>
    <subfield code="9">21545</subfield>
    <subfield code="a">LBB</subfield>
    <subfield code="b">LBB</subfield>
    <subfield code="c">B194</subfield>
    <subfield code="d">2015-12-09</subfield>
    <subfield code="l">1</subfield>
    <subfield code="o">ATM CHE 2006 B194 Or.3</subfield>
    <subfield code="p">RUA042431</subfield>
    <subfield code="r">2020-05-08</subfield>
    <subfield code="s">2020-03-13</subfield>
    <subfield code="w">2015-12-09</subfield>
    <subfield code="y">ATM</subfield>
  </datafield>
</record>
